| 000 | nam a22 7a 4500 | ||
|---|---|---|---|
| 999 |
_c128468 _d128468 |
||
| 008 | 181101b xxu||||| |||| 00| 0 eng d | ||
| 050 |
_aHN37.C3 _bH292 |
||
| 100 |
_aHarold-Barry, David _99450 |
||
| 245 |
_aThe ferment of the Gospel _ba short intorduction to social teachings of the Church _cDavid Harold-Barry |
||
| 260 |
_aHarare _bJesuits _c2008 |
||
| 300 |
_a14p. ; _c21cm. |
||
| 650 |
_aSociology, Catholic _913981 |
||
| 942 |
_2lcc _cMONOGRAPH |
||